| 000 | 01342cam a2200397 i 4500 | ||
|---|---|---|---|
| 999 |
_c528384 _d528384 |
||
| 001 | 17596785 | ||
| 003 | NUST | ||
| 005 | 20190911062555.0 | ||
| 008 | 130119s2012 ii s000 0 eng | ||
| 010 | _a 2012339766 | ||
| 025 | _aI-E-2012-339766; 49-90 | ||
| 037 | _bLibrary of Congress -- New Delhi Overseas Office | ||
| 038 | _aMSOHAIL | ||
| 040 |
_aDLC _beng _erda _cDLC _dDLC |
||
| 042 | _alcode | ||
| 043 | _aa-ii--- | ||
| 050 | 0 | 0 |
_aTD171.5.I42 _bG853 2012 |
| 082 | _a0 | ||
| 100 |
_aGeo Enviornmental Unit _920162 |
||
| 245 | 0 | 0 | _aEnvironmental management guidelines |
| 246 | 3 | _aEnvironmental management guidelines and cleaner production practices | |
| 264 | 1 |
_aUK _bGeo Enviornmental Unit _c1997. |
|
| 300 |
_a35 pages ; _c29 cm |
||
| 336 |
_atext _2rdacontent |
||
| 337 |
_aunmediated _2rdamedia |
||
| 338 |
_avolume _2rdacarrier |
||
| 500 | _aCover title. | ||
| 650 | 0 |
_aEnvironmental management _zIndia _zGujarat. _920163 |
|
| 650 | 0 |
_aEnvironmental protection _zIndia _zGujarat. _920164 |
|
| 650 | 0 |
_aSustainable development _zIndia _zGujarat. _920165 |
|
| 710 | 2 |
_aGujarat (India). _bForest and Environment Department. _920166 |
|
| 710 | 2 |
_aGujarat Pollution Control Board. _920167 |
|
| 906 |
_a7 _bcbc _corigode _d3 _encip _f20 _gy-gencatlg |
||
| 942 |
_2ddc _cBK |
||